000 00228nam a22000977a 4500
008 230304b |||||||| |||| 00| 0 eng d
245 _aDaily Excelsior
260 _aJammu
_bExcelsior House
_c2023
300 _a18
942 _2ddc
_cN
999 _c19927
_d19927